000 00502nam a2200205Ia 4500
003 0100
008 130303s9999 xx 000 0 und d
020 _a1856490432
040 _cARRUPELIB
050 _aHD75.D4868 1992
245 4 _aThe development dictionary
245 _ba guide to knowledge as power
260 _aLondon
260 _bAtlantic Highlands
260 _C1992
300 _a306 p.
300 _b 23 cm
700 _aedited by Wolfgang Sachs , Sachs, Wolfgang
942 0 0 _02
999 _c7749
_d7749